[Event "LIV C.to Torinese Assoluto"]
[Site "Torino ITA"]
[Date "2009.12.04"]
[Round "5"]
[White "Gallucci, Alessio"]
[Black "Ragni, Paolo"]
[Result "1-0"]
[WhiteElo "2164"]
[BlackElo "2156"]
[PlyCount "65"]
[EventDate "2009.11.09"]

1. d4 d6 2. e4 Nf6 3. Nc3 g6 4. f4 Bg7 5. Nf3 O-O 6. Be3 b6 7. Qd2 c5 8. d5 a6
9. a4 Qc7 10. Bc4 Nbd7 11. h3 Rb8 12. O-O b5 13. axb5 axb5 14. Nxb5 Qb6 15. e5
Ne4 16. Qd3 Ng3 17. Rfe1 Bb7 18. b4 Ra8 19. Rab1 Ba6 20. e6 fxe6 21. dxe6 Bxb5
22. exd7+ Bxc4 23. Qxc4+ Kh8 24. bxc5 Qc6 25. Ng5 Qxd7 26. Nf7+ Rxf7 27. Qxf7
Rf8 28. Qd5 Nf5 29. Bf2 Qa4 30. c6 Qxf4 31. Re4 e6 32. Rxf4 exd5 33. c7 1-0

[Event "LIV C.to Torinese Assoluto"]
[Site "Torino ITA"]
[Date "2009.12.04"]
[Round "5"]
[White "Giacometto, Mario"]
[Black "Digiugno, Franco"]
[Result "0-1"]
[WhiteElo "1954"]
[BlackElo "2083"]
[PlyCount "48"]
[EventDate "2009.11.09"]

1. e4 e6 2. d4 b6 3. Nc3 Bb7 4. a3 Nf6 5. Bd3 c5 6. d5 exd5 7. exd5 Qe7+ 8. Be3
Nxd5 9. Qf3 Nxe3 10. Qxb7 Nxc2+ 11. Kd2 Nxa1 12. Nf3 Nb3+ 13. Kd1 Qd8 14. Re1+
Be7 15. Nd5 Nc6 16. Nc7+ Kf8 17. Nxa8 Nba5 18. Qc7 Qxa8 19. Qf4 Qb8 20. Qf5 Qd6
21. Kc1 g6 22. Qe4 Nb3+ 23. Kb1 Nbd4 24. Nd2 Qe6 0-1

[Event "LIV C.to Torinese Assoluto"]
[Site "Torino ITA"]
[Date "2009.12.04"]
[Round "5"]
[White "Mantovan, Giuseppe"]
[Black "Finocchiaro, Gianluca"]
[Result "0-1"]
[WhiteElo "1916"]
[BlackElo "2065"]
[PlyCount "73"]
[EventDate "2009.11.09"]

1. d4 d5 2. Nf3 Nf6 3. c4 g6 4. Nc3 Bg7 5. cxd5 Nxd5 6. e4 Nxc3 7. bxc3 O-O 8.
Bc4 c5 9. Be3 Nc6 10. O-O Bg4 11. e5 Qc7 12. h3 Bxf3 13. gxf3 Rad8 14. f4 cxd4
15. cxd4 Nxd4 16. Rc1 Qd7 17. Kg2 Qc6+ 18. f3 Qd7 19. Bxd4 Qxd4 20. Qxd4 Rxd4
21. Rfe1 Rxf4 22. e6 fxe6 23. Bxe6+ Kh8 24. Rf1 R4f6 25. Bd5 b6 26. Rfe1 Rd6
27. Bc4 e5 28. Rcd1 Rfd8 29. Rxd6 Rxd6 30. Re2 Bf6 31. Bb3 Kg7 32. Rc2 Rd7 33.
Be6 Re7 34. Bd5 Bg5 35. Bb3 Rd7 36. Kf1 a5 37. Be6 0-1

[Event "LIV C.to Torinese Assoluto"]
[Site "Torino ITA"]
[Date "2009.12.04"]
[Round "5"]
[White "Mazzetta, Renato"]
[Black "Ravazzolo, Gaia"]
[Result "1-0"]
[WhiteElo "1913"]
[BlackElo "1692"]
[PlyCount "57"]
[EventDate "2009.11.09"]

1. e4 c6 2. d4 d5 3. exd5 cxd5 4. Bd3 Nc6 5. c3 Nf6 6. Bf4 Bg4 7. Qb3 Qd7 8.
Nd2 e6 9. Ngf3 Be7 10. O-O O-O 11. Qc2 Rac8 12. Ne5 Nxe5 13. dxe5 Ne4 14. Nxe4
dxe4 15. Bxe4 g6 16. h3 Bf5 17. Bxf5 exf5 18. Rad1 Qe6 19. Qb3 Qc6 20. Rfe1 Kg7
21. e6 Rce8 22. exf7 Rxf7 23. Re6 Qc8 24. Rde1 a6 25. Qd5 Rd8 26. Qe5+ Bf6 27.
Qe3 Rfd7 28. Bh6+ Kf7 29. Rxf6+ 1-0

[Event "LIV C.to Torinese Assoluto"]
[Site "Torino ITA"]
[Date "2009.12.04"]
[Round "5"]
[White "Parodi, Alessandro"]
[Black "De Barberis, Massimo"]
[Result "1-0"]
[WhiteElo "2087"]
[BlackElo "2073"]
[PlyCount "35"]
[EventDate "2009.11.09"]

1. d4 Nf6 2. c4 e6 3. Nc3 d5 4. cxd5 exd5 5. Bg5 Be7 6. e3 O-O 7. Bd3 c5 8. Nf3
Nc6 9. dxc5 Bxc5 10. Nxd5 Qa5+ 11. Nc3 Be7 12. O-O Bg4 13. Ne4 Ne5 14. Bxf6
gxf6 15. Be2 Rfd8 16. Qb3 Bxf3 17. gxf3 Rd7 18. f4 1-0

[Event "LIV C.to Torinese Assoluto"]
[Site "Torino ITA"]
[Date "2009.12.04"]
[Round "5"]
[White "Pepino, Enrico"]
[Black "Fortino, Fabrizio"]
[Result "1/2-1/2"]
[WhiteElo "2154"]
[BlackElo "2041"]
[PlyCount "92"]
[EventDate "2009.11.09"]

1. e4 c5 2. Nf3 Nc6 3. d4 cxd4 4. Nxd4 Nf6 5. Nc3 e5 6. Ndb5 d6 7. Bg5 a6 8.
Na3 b5 9. Nd5 Be7 10. Bxf6 Bxf6 11. c4 b4 12. Nc2 a5 13. g3 Bg5 14. h4 Bh6 15.
Bh3 Be6 16. Qh5 O-O 17. Bf5 Bxd5 18. cxd5 Ne7 19. Ne3 Kh8 20. Ng4 Ng8 21. Nxh6
Nxh6 22. O-O Nxf5 23. exf5 Qf6 24. Qg5 Qxg5 25. hxg5 f6 26. gxf6 Rxf6 27. g4 g6
28. f4 gxf5 29. fxe5 dxe5 30. Rxf5 Rxf5 31. gxf5 Rd8 32. Rd1 Kg7 33. Kf2 Kf6
34. Ke3 Rg8 35. Rh1 Rg3+ 36. Ke4 Rg4+ 37. Ke3 Rd4 38. Rxh7 Rxd5 39. Rh5 b3 40.
axb3 Rb5 41. Ke4 Rb4+ 42. Kd5 Rxb3 43. Rh6+ Kxf5 44. Rh5+ Kf4 45. Rh4+ Kg5 46.
Rh8 Rxb2 1/2-1/2

[Event "LIV C.to Torinese Assoluto"]
[Site "Torino ITA"]
[Date "2009.12.04"]
[Round "5"]
[White "Settis, Massimo"]
[Black "Melone, Antonio"]
[Result "1-0"]
[WhiteElo "2063"]
[BlackElo "1927"]
[PlyCount "55"]
[EventDate "2009.11.09"]

1. c4 g6 2. g3 Bg7 3. Bg2 e5 4. Nc3 Ne7 5. e4 O-O 6. Nge2 f5 7. d3 d6 8. O-O c6
9. Bg5 h6 10. Be3 g5 11. f4 g4 12. fxe5 dxe5 13. d4 Ng6 14. Qd2 h5 15. d5 h4
16. exf5 Bxf5 17. Rf2 hxg3 18. hxg3 e4 19. Raf1 Qc8 20. Bxe4 Bxe4 21. Rxf8+
Bxf8 22. Nxe4 Ne5 23. Bd4 Nf3+ 24. Rxf3 gxf3 25. Qg5+ Kf7 26. Qh5+ Ke7 27. d6+
Kd8 28. Bf6+ 1-0

[Event "LIV C.to Torinese Assoluto"]
[Site "Torino ITA"]
[Date "2009.12.05"]
[Round "6"]
[White "Barletta, Mauro"]
[Black "Fortino, Fabrizio"]
[Result "1-0"]
[WhiteElo "2210"]
[BlackElo "2041"]
[PlyCount "73"]
[EventDate "2009.11.09"]

1. e4 c5 2. c3 d5 3. exd5 Qxd5 4. d4 Nc6 5. Nf3 cxd4 6. cxd4 e5 7. Nc3 Bb4 8.
Be2 exd4 9. O-O Qd8 10. Nb5 Nge7 11. Bg5 O-O 12. Nbxd4 Qb6 13. a3 Nxd4 14. Nxd4
Bc5 15. Nb3 Qg6 16. Nxc5 Qxg5 17. Rc1 Ng6 18. Ne4 Qe5 19. Nc3 Be6 20. Bf3 Rfd8
21. Qa4 Qg5 22. Ne4 Qf4 23. Nc5 Rd4 24. Nxe6 Rxa4 25. Nxf4 Nxf4 26. Rc7 Rb8 27.
Rd1 g6 28. Rxb7 Rxb7 29. Bxb7 Ra5 30. Rd2 Re5 31. h3 h5 32. Kh2 a5 33. g3 Ne6
34. Kg2 Rb5 35. Bd5 Nc7 36. Bxf7+ Kxf7 37. Rd7+ 1-0

[Event "LIV C.to Torinese Assoluto"]
[Site "Torino ITA"]
[Date "2009.12.05"]
[Round "6"]
[White "Bertagia, Roldano"]
[Black "Mantovan, Giuseppe"]
[Result "1-0"]
[WhiteElo "1996"]
[BlackElo "1916"]
[PlyCount "126"]
[EventDate "2009.11.09"]

1. e4 e6 2. Nf3 d5 3. Nc3 Nf6 4. e5 Nfd7 5. d4 c5 6. Be2 cxd4 7. Qxd4 Nc6 8.
Qf4 Be7 9. O-O a6 10. Re1 b5 11. a3 Bb7 12. Qg3 Bf8 13. Bd3 Nc5 14. Bg5 Qd7 15.
Rad1 h6 16. Be3 Nxd3 17. Rxd3 Ne7 18. Nd4 Ng6 19. f4 Be7 20. f5 exf5 21. e6 Qd6
22. Qxd6 Bxd6 23. Nxf5 Bf8 24. e7 Nxe7 25. Bc5 O-O-O 26. Bxe7 Bxe7 27. Nxe7+
Kb8 28. Nf5 g6 29. Nd4 Rhe8 30. Rde3 Rxe3 31. Rxe3 Rd6 32. Re8+ Bc8 33. Nce2
Rf6 34. Rd8 Kc7 35. Rxd5 Bb7 36. Re5 Kd6 37. Re3 h5 38. Nf3 Re6 39. Rxe6+ fxe6
40. Kf2 e5 41. Ke3 Ke6 42. g3 Kf5 43. Nc3 g5 44. b4 Bc6 45. Nd2 Kg4 46. Nce4
Kh3 47. Nxg5+ Kxh2 48. Kf2 Bd5 49. Nf1+ Kh1 50. Ne3 Bc6 51. c4 bxc4 52. Nxc4 e4
53. Nd6 e3+ 54. Kxe3 Kg2 55. Nf5 Bd7 56. Kf4 Kf2 57. Ng7 Ke2 58. Nxh5 Kd3 59.
Nf6 Bb5 60. Nd5 Bc4 61. Ke5 Bb3 62. Ne4 Ke2 63. g4 Kf3 1-0

[Event "LIV C.to Torinese Assoluto"]
[Site "Torino ITA"]
[Date "2009.12.05"]
[Round "6"]
[White "Digiugno, Franco"]
[Black "Mazzetta, Renato"]
[Result "0-1"]
[WhiteElo "2083"]
[BlackElo "1913"]
[PlyCount "26"]
[EventDate "2009.11.09"]

1. f4 d5 2. Nf3 c5 3. e3 Nf6 4. d4 e6 5. c3 c4 6. Nbd2 Nc6 7. b3 b5 8. Ne5 Nxe5
9. fxe5 Nd7 10. Qf3 Rb8 11. Qg3 g6 12. e4 Be7 13. Be2 Bh4 0-1

[Event "LIV C.to Torinese Assoluto"]
[Site "Torino ITA"]
[Date "2009.12.05"]
[Round "6"]
[White "Finocchiaro, Gianluca"]
[Black "Berutti, Mario"]
[Result "1-0"]
[WhiteElo "2065"]
[BlackElo "1796"]
[PlyCount "69"]
[EventDate "2009.11.09"]

1. e4 e5 2. Nf3 Nf6 3. Nc3 Nc6 4. d4 exd4 5. Nd5 Be7 6. Bf4 d6 7. Qd3 Be6 8.
Nxe7 Qxe7 9. Nxd4 Nxd4 10. Qxd4 O-O 11. Bd3 Nh5 12. Bg3 f5 13. f4 c5 14. Qe3
Rae8 15. O-O-O Bxa2 16. b3 Qf6 17. e5 dxe5 18. fxe5 Nxg3 19. Bc4+ Kh8 20. exf6
Rxe3 21. fxg7+ Kxg7 22. hxg3 Rc3 23. Rd7+ Kf6 24. Kb2 Rxc4 25. bxc4 Bxc4 26.
Rhxh7 Rb8 27. Rxb7 Rxb7+ 28. Rxb7 Bd5 29. Rxa7 c4 30. Rc7 Ke5 31. Kc3 Kf6 32.
Rxc4 Bxc4 33. Kxc4 Kg5 34. Kd4 Kg4 35. Ke5 1-0

[Event "LIV C.to Torinese Assoluto"]
[Site "Torino ITA"]
[Date "2009.12.05"]
[Round "6"]
[White "Giacometto, Mario"]
[Black "Ravazzolo, Gaia"]
[Result "1/2-1/2"]
[WhiteElo "1954"]
[BlackElo "1692"]
[PlyCount "108"]
[EventDate "2009.11.09"]

1. e4 c6 2. d4 d5 3. Nc3 dxe4 4. Nxe4 Bf5 5. Qf3 e6 6. Bd3 Qxd4 7. Ne2 Bxe4 8.
Bxe4 Qb6 9. O-O Nf6 10. Bd3 Bd6 11. Bh6 Bf8 12. Bf4 Nbd7 13. a4 Qa5 14. Ng3 Ne5
15. Bxe5 Qxe5 16. Rfe1 Qd5 17. Ne4 Be7 18. a5 Nxe4 19. Bxe4 Qb5 20. a6 Rc8 21.
axb7 Qxb7 22. Ra4 O-O 23. b3 Bf6 24. Rc4 Rfd8 25. Rxc6 Rxc6 26. Bxc6 Qb4 27.
Rd1 Rxd1+ 28. Qxd1 Bd4 29. Qe2 Qc3 30. Be4 g6 31. g3 Kg7 32. Kg2 Qb4 33. h3 Qb6
34. Bd3 Qc6+ 35. Qf3 Qb6 36. h4 Qc5 37. g4 Qe5 38. Qe4 Qc5 39. Qf4 Qd5+ 40. Qe4
Qc5 41. Kf1 Bxf2 42. h5 Bg1 43. h6+ Kf8 44. Qa8+ Ke7 45. Qb7+ Kf8 46. Qa8+ Ke7
47. Qb7+ Kf8 48. Qg2 Be3 49. Qa8+ Ke7 50. Qb7+ Kf8 51. Qa8+ Ke7 52. Qb7+ Kf8
53. Qa8+ Ke7 54. Qb7+ Kf8 1/2-1/2

[Event "LIV C.to Torinese Assoluto"]
[Site "Torino ITA"]
[Date "2009.12.05"]
[Round "6"]
[White "Melone, Antonio"]
[Black "Barbiso, Tiziana"]
[Result "1-0"]
[WhiteElo "1927"]
[BlackElo "1925"]
[PlyCount "119"]
[EventDate "2009.11.09"]

1. d4 d5 2. c4 e6 3. Nc3 c6 4. cxd5 exd5 5. Qc2 Nd7 6. Nf3 Be7 7. Bf4 Ngf6 8.
e3 O-O 9. Bd3 Re8 10. h3 Nf8 11. O-O Ng6 12. Bh2 Bd6 13. Bxd6 Qxd6 14. Rab1 Bd7
15. b4 a6 16. Rfc1 Rec8 17. Na4 Qc7 18. Qc5 Rab8 19. Nb6 Rd8 20. a4 Nf8 21. Ne5
Be8 22. f4 N6d7 23. Nbxd7 Nxd7 24. Qe7 f6 25. Ng4 Bg6 26. Bxg6 hxg6 27. Qe6+
Kf8 28. Qxd5 cxd5 29. Rxc7 Nb6 30. a5 Nc4 31. Kf2 Rdc8 32. Rc5 Nd2 33. Rxc8+
Rxc8 34. Rb2 Ne4+ 35. Kf3 Rc1 36. Nf2 Rf1 37. g4 Nxf2 38. Rxf2 Rb1 39. Rc2 Rxb4
40. Rc8+ Ke7 41. Rc7+ Kf8 42. h4 Rb5 43. Rc8+ Ke7 44. Rc7+ Kf8 45. h5 gxh5 46.
gxh5 f5 47. Rc5 Rxc5 48. dxc5 Ke7 49. Ke2 Kd7 50. Kd3 Kc6 51. Kd4 Kb5 52. Kxd5
Kxa5 53. e4 fxe4 54. Kxe4 Kb4 55. f5 a5 56. h6 gxh6 57. f6 a4 58. f7 a3 59.
f8=Q Kb3 60. Qf6 1-0

[Event "LIV C.to Torinese Assoluto"]
[Site "Torino ITA"]
[Date "2009.12.05"]
[Round "6"]
[White "Ragni, Paolo"]
[Black "Parodi, Alessandro"]
[Result "0-1"]
[WhiteElo "2156"]
[BlackElo "2087"]
[PlyCount "78"]
[EventDate "2009.11.09"]

1. e4 d6 2. d4 Nf6 3. Nc3 g6 4. f4 Bg7 5. Nf3 O-O 6. Be3 b6 7. Qd2 c5 8. d5 a6
9. a4 Qc7 10. Bc4 Ng4 11. Bg1 b5 12. axb5 Qb7 13. h3 axb5 14. Rxa8 Qxa8 15.
Bxb5 Qa1+ 16. Nd1 Nf6 17. Qe2 Qa5+ 18. b4 Qxb4+ 19. c3 Qxe4 20. Qxe4 Nxe4 21.
c4 Ng3 22. Rh2 Ba6 23. Bxa6 Nxa6 24. Kf2 Ne4+ 25. Ke3 f5 26. g4 Rb8 27. Ra2
Rb3+ 28. Ke2 Nb4 29. Ra8+ Kf7 30. Be3 Nc2 31. Nd2 Nxd2 32. Kxd2 Nb4 33. gxf5
gxf5 34. h4 Rd3+ 35. Ke2 Bd4 36. Bxd4 Rxd4 37. Rh8 Rxc4 38. Rxh7+ Kf6 39. Kf3
Nxd5 0-1

[Event "LIV C.to Torinese Assoluto"]
[Site "Torino ITA"]
[Date "2009.12.05"]
[Round "6"]
[White "Settis, Massimo"]
[Black "Gallucci, Alessio"]
[Result "0-1"]
[WhiteElo "2063"]
[BlackElo "2164"]
[PlyCount "72"]
[EventDate "2009.11.09"]

1. c4 Nf6 2. g3 g6 3. Bg2 Bg7 4. Nc3 c5 5. e4 d6 6. Nge2 O-O 7. O-O Nc6 8. d3
Bd7 9. h3 a6 10. Be3 Rb8 11. a4 Ne8 12. Kh2 Nd4 13. Rb1 b5 14. axb5 axb5 15. b4
bxc4 16. bxc5 Rxb1 17. Qxb1 dxc5 18. dxc4 Nd6 19. Qd3 e5 20. Nd5 f5 21. Nec3 f4
22. gxf4 exf4 23. Bxf4 Rxf4 24. Nxf4 Be5 25. Ncd5 g5 26. Rg1 Kh8 27. Bf3 Nxc4
28. Bg4 Bxg4 29. Rxg4 Bxf4+ 30. Nxf4 Ne5 31. Qg3 Nxg4+ 32. hxg4 gxf4 33. Qxf4
Kg7 34. Qe5+ Qf6 35. Qc7+ Kg6 36. Qg3 Ne2 0-1

[Event "LIV C.to Torinese Assoluto"]
[Site "Torino ITA"]
[Date "2009.12.06"]
[Round "7"]
[White "Barbiso, Tiziana"]
[Black "Settis, Massimo"]
[Result "1-0"]
[WhiteElo "1925"]
[BlackElo "2063"]
[PlyCount "77"]
[EventDate "2009.11.09"]

1. e4 e6 2. d4 d5 3. Nd2 c5 4. exd5 Qxd5 5. dxc5 Bxc5 6. Ngf3 Nf6 7. Bc4 Qc6 8.
O-O Nbd7 9. Qe2 O-O 10. Nb3 Bb6 11. Bf4 a6 12. Rfe1 Bc7 13. Bd2 b5 14. Bd3 Nc5
15. Nxc5 Qxc5 16. Bc3 Bb7 17. a3 Qh5 18. Ne5 Qxe2 19. Rxe2 Rad8 20. a4 Bxe5 21.
Rxe5 Nd7 22. Re3 Bc6 23. Bb4 Rfe8 24. axb5 Bxb5 25. c4 Bc6 26. Rxa6 Rb8 27. Bd6
Rbc8 28. b4 Nf6 29. b5 Ba8 30. f3 Red8 31. Be7 Rd7 32. Bxf6 gxf6 33. Be2 Rd2
34. Kf2 Rc2 35. Rea3 Bb7 36. Ra7 Rb8 37. Ra2 Rc3 38. Rd2 Kf8 39. Rd7 1-0

[Event "LIV C.to Torinese Assoluto"]
[Site "Torino ITA"]
[Date "2009.12.06"]
[Round "7"]
[White "Berutti, Mario"]
[Black "Giacometto, Mario"]
[Result "0-1"]
[WhiteElo "1796"]
[BlackElo "1954"]
[PlyCount "96"]
[EventDate "2009.11.09"]

1. e4 e6 2. d4 d5 3. exd5 exd5 4. Nf3 Nc6 5. c3 Bd6 6. Bd3 Bg4 7. O-O Nge7 8.
Be3 Qd7 9. Nbd2 O-O-O 10. a4 Nf5 11. a5 Nxe3 12. fxe3 a6 13. b4 Na7 14. e4 dxe4
15. Nxe4 Rhe8 16. Qb3 f6 17. Rab1 c6 18. Nc5 Bxc5 19. bxc5 Nb5 20. Nd2 Be6 21.
Qb2 Nxc3 22. Bxa6 Nxb1 23. Rxb1 Qxd4+ 24. Qxd4 Rxd4 25. Bxb7+ Kc7 26. Nf3 Ra4
27. a6 Bc4 28. Rb6 Bb5 29. Kf2 Re2+ 30. Kg3 Rc2 31. Ba8 Rxc5 32. Rb7+ Kd6 33.
a7 Rc3 34. Rxg7 Rca3 35. Rxh7 Rxa7 36. Rh6 Ke6 37. Bxc6 Bxc6 38. h4 Rg7+ 39.
Kf2 Ra2+ 40. Ke3 Bxf3 41. gxf3 Rh2 42. Rh8 Kf7 43. Ke4 Kg6 44. f4 f5+ 45. Ke5
Re7+ 46. Kd6 Rh7 47. Rg8+ Kf7 48. Rg5 Kf6 0-1

[Event "LIV C.to Torinese Assoluto"]
[Site "Torino ITA"]
[Date "2009.12.06"]
[Round "7"]
[White "Fassio, Luca"]
[Black "Bertagia, Roldano"]
[Result "0-1"]
[WhiteElo "2090"]
[BlackElo "1996"]
[PlyCount "84"]
[EventDate "2009.11.09"]

1. e4 e5 2. Nf3 Nc6 3. Bc4 Bc5 4. c3 Nf6 5. b4 Bb6 6. d3 d6 7. a4 a6 8. O-O h6
9. Nbd2 O-O 10. Bb3 d5 11. Qc2 Be6 12. exd5 Bxd5 13. Ba3 Re8 14. b5 Bxb3 15.
Nxb3 Na5 16. Nc5 Bxc5 17. Bxc5 b6 18. Bb4 Nb7 19. Rfe1 axb5 20. axb5 Rxa1 21.
Rxa1 Nd5 22. Ba3 Qd7 23. c4 Nf4 24. Ne1 Ra8 25. g3 Ne6 26. Nf3 f6 27. Qc3 Nbc5
28. Bxc5 Rxa1+ 29. Qxa1 Nxc5 30. d4 exd4 31. Nxd4 Kf7 32. Qc3 Ne4 33. Qe3 Ng5
34. h4 Qxd4 35. hxg5 Qxe3 36. fxe3 hxg5 37. Kf2 f5 38. Kf3 Ke6 39. e4 g6 40. g4
f4 41. Ke2 Ke5 42. Kd3 f3 0-1

[Event "LIV C.to Torinese Assoluto"]
[Site "Torino ITA"]
[Date "2009.12.06"]
[Round "7"]
[White "Finocchiaro, Gianluca"]
[Black "Melone, Antonio"]
[Result "0-1"]
[WhiteElo "2065"]
[BlackElo "1927"]
[PlyCount "52"]
[EventDate "2009.11.09"]

1. e4 c6 2. d4 d5 3. e5 c5 4. dxc5 Nc6 5. Nf3 Bg4 6. h3 Bxf3 7. Qxf3 Nxe5 8.
Bb5+ Nc6 9. c4 e6 10. Nc3 Nf6 11. Bg5 Bxc5 12. O-O O-O 13. cxd5 Nd4 14. Qg3
Nxb5 15. Nxb5 Ne4 16. Bxd8 Nxg3 17. Bh4 Nxf1 18. Kxf1 exd5 19. Nc7 Rac8 20.
Nxd5 f6 21. b4 Rfd8 22. Rd1 Bxb4 23. Rd4 Bc5 24. Rd3 Kf7 25. g4 g5 26. Bg3 Rd7
0-1

[Event "LIV C.to Torinese Assoluto"]
[Site "Torino ITA"]
[Date "2009.12.06"]
[Round "7"]
[White "Fortino, Fabrizio"]
[Black "Davi, Alessandro"]
[Result "1-0"]
[WhiteElo "2041"]
[BlackElo "2024"]
[PlyCount "85"]
[EventDate "2009.11.09"]

1. e4 c5 2. Nf3 g6 3. d4 cxd4 4. Nxd4 Bg7 5. c4 d6 6. Nc3 Nf6 7. Be2 O-O 8. Be3
Nc6 9. Nc2 Bd7 10. O-O Rc8 11. h3 Qa5 12. f4 Rfd8 13. Rb1 Qc7 14. b4 b6 15. Qe1
e6 16. Qh4 Re8 17. Rfd1 Ne7 18. Bd4 e5 19. Be3 d5 20. exd5 Nf5 21. d6 Nxh4 22.
dxc7 Nf5 23. Bf2 Rxc7 24. g4 Nd4 25. Nxd4 exd4 26. Bxd4 Ne4 27. Bxg7 Nxc3 28.
Bxc3 Rxe2 29. Be5 Rb7 30. Rd4 Kf8 31. Bf6 h5 32. Rbd1 Be8 33. Rd8 hxg4 34. hxg4
Rc7 35. R1d4 Rc6 36. Kf1 Rce6 37. Be5 Rxa2 38. g5 a5 39. Ra8 Ra3 40. Rdd8 axb4
41. Rxe8+ Rxe8 42. Bd6+ Kg7 43. Rxe8 1-0

[Event "LIV C.to Torinese Assoluto"]
[Site "Torino ITA"]
[Date "2009.12.06"]
[Round "7"]
[White "Gallucci, Alessio"]
[Black "Barletta, Mauro"]
[Result "0-1"]
[WhiteElo "2164"]
[BlackElo "2210"]
[PlyCount "44"]
[EventDate "2009.11.09"]

1. e4 d5 2. exd5 Nf6 3. d4 Bg4 4. Nf3 Qxd5 5. Be2 Nc6 6. O-O O-O-O 7. c3 Qf5 8.
b4 e5 9. b5 e4 10. Ng5 Ne5 11. h3 h5 12. Qc2 Nd3 13. hxg4 hxg4 14. f4 gxf3 15.
gxf3 Nxc1 16. Qxc1 Rh5 17. f4 Rh4 18. Nd2 Bd6 19. Qc2 Bxf4 20. Rxf4 Qxg5+ 21.
Bg4+ Rxg4+ 22. Rxg4 Qxg4+ 0-1

[Event "LIV C.to Torinese Assoluto"]
[Site "Torino ITA"]
[Date "2009.12.06"]
[Round "7"]
[White "Mazzetta, Renato"]
[Black "Ragni, Paolo"]
[Result "1/2-1/2"]
[WhiteElo "1913"]
[BlackElo "2156"]
[PlyCount "41"]
[EventDate "2009.11.09"]

1. e4 Nf6 2. Nc3 d5 3. exd5 Nxd5 4. g3 e5 5. Bg2 Nxc3 6. bxc3 Nd7 7. d3 Bd6 8.
Ne2 Rb8 9. O-O O-O 10. c4 c6 11. Be3 Bc5 12. Qd2 Bxe3 13. Qxe3 Qb6 14. Rab1
Qxe3 15. fxe3 Nb6 16. Nc3 f5 17. c5 Nd7 18. d4 e4 19. g4 Nf6 20. gxf5 Nd5 21.
Nxd5 1/2-1/2

[Event "LIV C.to Torinese Assoluto"]
[Site "Torino ITA"]
[Date "2009.12.06"]
[Round "7"]
[White "Pepino, Enrico"]
[Black "Parodi, Alessandro"]
[Result "1-0"]
[WhiteElo "2154"]
[BlackElo "2087"]
[PlyCount "107"]
[EventDate "2009.11.09"]

1. d4 d6 2. c4 g6 3. Nc3 Nf6 4. e4 Bg7 5. f4 O-O 6. Nf3 c5 7. dxc5 dxc5 8. Bd3
Nc6 9. e5 Ne8 10. Be4 Be6 11. Bd5 Nc7 12. Be3 Bxd5 13. cxd5 Nb4 14. Bxc5 Nbxd5
15. O-O b6 16. Ba3 b5 17. Bc5 Nxc3 18. bxc3 Nd5 19. g3 Qc7 20. Qxd5 Rad8 21.
Bd6 Qxc3 22. Rae1 exd6 23. e6 fxe6 24. Qxe6+ Kh8 25. Ng5 Qc4 26. Qxc4 bxc4 27.
Ne6 d5 28. Nxd8 Rxd8 29. Rc1 c3 30. Rfd1 d4 31. Rxc3 Kg8 32. Kf2 Rb8 33. Rc2
Bf6 34. Ke2 Re8+ 35. Kd3 Re3+ 36. Kc4 h5 37. Rd3 Re7 38. Kb5 Kf7 39. a4 Ke6 40.
Re2+ Kd5 41. Rxe7 Bxe7 42. Rd1 Bd6 43. a5 h4 44. Ka6 hxg3 45. hxg3 Bb4 46. g4
Bc3 47. f5 gxf5 48. gxf5 Ke5 49. Rf1 Kf6 50. Rf3 Bb4 51. Kb5 Be7 52. Kc4 a6 53.
Kxd4 Bb4 54. Ke4 1-0

[Event "LIV C.to Torinese Assoluto"]
[Site "Torino ITA"]
[Date "2009.12.06"]
[Round "7"]
[White "Ravazzolo, Gaia"]
[Black "Mantovan, Giuseppe"]
[Result "1-0"]
[WhiteElo "1692"]
[BlackElo "1916"]
[PlyCount "131"]
[EventDate "2009.11.09"]

1. d4 e6 2. Nf3 Nf6 3. c4 b6 4. g3 Bb7 5. Bg2 Be7 6. Nc3 Ne4 7. Bd2 Nxd2 8.
Qxd2 O-O 9. O-O d5 10. Ne5 Bg5 11. e3 c6 12. b3 Nd7 13. Nd3 Be7 14. Rab1 Ba6
15. Nb2 Rc8 16. Rfd1 Nf6 17. Rbc1 Ne8 18. Nca4 Nf6 19. Qc2 Nd7 20. Nd3 Ba3 21.
Nab2 Qf6 22. f4 Qe7 23. Rd2 c5 24. dxc5 Nxc5 25. Ne5 f6 26. Ng4 Nd7 27. f5 dxc4
28. fxe6 Nc5 29. bxc4 Rc7 30. Bd5 b5 31. Rcd1 Bxb2 32. Qxb2 bxc4 33. Qc3 h5 34.
Nf2 Na4 35. Qa5 Nb6 36. Qxa6 Nxd5 37. Rxd5 Qb4 38. Qb5 Qxb5 39. Rxb5 Re8 40.
Rbb1 Rxe6 41. Re1 Ra6 42. Rb2 Rd6 43. Rd1 Re6 44. Re1 Kh7 45. Nd1 h4 46. Kg2
hxg3 47. hxg3 Rd6 48. Nc3 Rd3 49. Rc2 Rcd7 50. Ree2 Kg6 51. Ne4 Rc7 52. Nf2 Ra3
53. Nd1 a6 54. Rc3 Ra5 55. Rec2 Kf5 56. Rxc4 Rxc4 57. Rxc4 Rxa2+ 58. Kf3 a5 59.
Nc3 Ra3 60. Na4 g5 61. Rc5+ Kg6 62. Rxa5 g4+ 63. Kf4 f5 64. Ra6+ Kf7 65. Nc5
Rc3 66. Ne6 1-0

[Event "C.to Mondiale U08"]
[Site "Antalya TUR"]
[Date "2009.11.12"]
[Round "1"]
[White "Sidorov, Anton"]
[Black "Di Nezio, Tommaso"]
[Result "1-0"]
[WhiteElo "1386"]
[BlackElo "1509"]
[PlyCount "25"]
[EventDate "2009.11.12"]

1. e4 e5 2. Nf3 Nf6 3. Nc3 Bc5 4. Nxe5 d6 5. Nf3 Nc6 6. Bb5 a6 7. Ba4 O-O 8.
O-O b5 9. Bb3 Bb7 10. d3 Nd4 11. Nxd4 Bxd4 12. a3 c6 13. Be3 1-0

[Event "C.to Mondiale U10"]
[Site "Antalya TUR"]
[Date "2009.11.12"]
[Round "1"]
[White "Kudelya, Igor"]
[Black "Bisi, Riccardo"]
[Result "1-0"]
[WhiteElo "1995"]
[BlackElo "1479"]
[PlyCount "57"]
[EventDate "2009.11.12"]

1. e4 e5 2. Nf3 Nc6 3. Bb5 Nge7 4. O-O g6 5. c3 Bg7 6. d4 O-O 7. dxe5 Nxe5 8.
Nxe5 Bxe5 9. Bh6 Re8 10. Bc4 c6 11. Bg5 Kh8 12. Bxf7 Rf8 13. Bb3 Bf6 14. Bxf6+
Rxf6 15. Qd4 Qf8 16. Nd2 b6 17. Nf3 c5 18. Qe3 Bb7 19. Rfe1 d5 20. exd5 Nxd5
21. Qe5 Nf4 22. Re3 Bxf3 23. gxf3 Qd6 24. Rd1 Qxe5 25. Rxe5 Raf8 26. Re7 Nh3+
27. Kg2 Nf4+ 28. Kf1 Nh5 29. Rdd7 1-0

[Event "C.to Mondiale U10"]
[Site "Antalya TUR"]
[Date "2009.11.12"]
[Round "1"]
[White "Tari, Aryan"]
[Black "Forno, Diego"]
[Result "1-0"]
[WhiteElo "1932"]
[BlackElo "1605"]
[PlyCount "103"]
[EventDate "2009.11.12"]

1. e4 c5 2. Nf3 e6 3. d4 cxd4 4. Nxd4 Nf6 5. Bd3 Nc6 6. Be3 d5 7. Nxc6 bxc6 8.
e5 Nd7 9. f4 Bc5 10. Bxc5 Nxc5 11. O-O Qb6 12. Kh1 Nxd3 13. cxd3 Qxb2 14. Nd2
Qb6 15. Qf3 Bd7 16. Rfb1 Qc7 17. Nb3 Rb8 18. Nc5 O-O 19. Rxb8 Rxb8 20. Na6 Qb7
21. Nxb8 Qxb8 22. Qd1 h6 23. Qb3 Qb6 24. Qxb6 axb6 25. Rb1 b5 26. d4 Kf8 27.
Kg1 Ke7 28. Kf2 Kd8 29. Ke3 Kc7 30. Kd3 Kb6 31. Rc1 Ka5 32. Kc3 Ka4 33. a3 g6
34. h4 Be8 35. Kb2 Bd7 36. h5 Be8 37. Rh1 b4 38. axb4 Kxb4 39. hxg6 fxg6 40.
Rxh6 Kc4 41. Rh8 Bd7 42. Rd8 Kxd4 43. Rxd7 Ke4 44. Rd6 Kxf4 45. Rxe6 g5 46.
Rxc6 Kxe5 47. Kc3 Ke4 48. Re6+ Kf4 49. Kd4 g4 50. Kxd5 Kg3 51. Re4 Kxg2 52.
Rxg4+ 1-0

[Event "C.to Mondiale U10"]
[Site "Antalya TUR"]
[Date "2009.11.14"]
[Round "3"]
[White "Pavlidis, Pavlos"]
[Black "Bisi, Riccardo"]
[Result "1/2-1/2"]
[WhiteElo "1452"]
[BlackElo "1479"]
[PlyCount "23"]
[EventDate "2009.11.12"]

1. e4 e5 2. Nf3 Nc6 3. Bb5 a6 4. Ba4 Nf6 5. O-O Be7 6. Re1 b5 7. Bb3 O-O 8. c3
d6 9. h3 Na5 10. Bc2 c5 11. d4 cxd4 12. cxd4 1/2-1/2

[Event "C.to Mondiale U10"]
[Site "Antalya TUR"]
[Date "2009.11.14"]
[Round "3"]
[White "Rey, Gaetan"]
[Black "Forno, Diego"]
[Result "1-0"]
[WhiteElo "1482"]
[BlackElo "1605"]
[PlyCount "79"]
[EventDate "2009.11.12"]

1. e4 c5 2. Nf3 e6 3. d4 cxd4 4. Nxd4 Nf6 5. Nc3 Bb4 6. e5 Qa5 7. Ndb5 Bxc3+ 8.
bxc3 Ne4 9. Qf3 a6 10. Qxe4 axb5 11. Qb4 Qc7 12. Bxb5 Qxe5+ 13. Be3 Nc6 14.
Bxc6 bxc6 15. O-O Rb8 16. Bf4 Rxb4 17. Bxe5 Rg4 18. h3 Rg6 19. Bd6 f5 20. a4
Kf7 21. a5 Ba6 22. Rfb1 Ra8 23. Rb8 Rxb8 24. Bxb8 h5 25. Rb1 Rh6 26. Rb6 Rh8
27. Rxa6 Rxb8 28. Ra7 Ke7 29. Kh2 Kd8 30. Kg3 g5 31. h4 gxh4+ 32. Kxh4 Kc8 33.
Kxh5 Rb7 34. Ra8+ Kc7 35. Kg6 Rb8 36. Rxb8 Kxb8 37. Kf7 Ka7 38. Ke7 Ka6 39.
Kxd7 Kxa5 40. Kxe6 1-0